| 000 | 01139nam a22003137a 4500 | ||
|---|---|---|---|
| 001 | T0000019 | ||
| 003 | KOHA_MİRAKIL | ||
| 005 | 20260207004504.0 | ||
| 007 | ta | ||
| 008 | 190402b2011 xx |||grm|||#0|||0|tur | | ||
| 040 |
_aTR-BiSEU _btur _cTR-BiSEU _erda |
||
| 041 | 0 | _atur | |
| 050 | 0 | 0 |
_aTez _b19 |
| 100 | 1 | _aKazak, Nihan. | |
| 245 | 1 |
_aGeliştirilmiş yerçekimsel arama algoritması/ _cNihan Kazak ; Nihan Kazak; danışman Alpaslan Duysak. |
|
| 264 | 1 |
_aBilecik : _bBilecik Üniversitesi _c2011 |
|
| 300 | _aXII, 50 sayfa: grafik; 30 cm.+1 CD-ROM | ||
| 336 |
_ametin _btxt _2rdacontent |
||
| 337 |
_aaracısız _bn _2rdamedia |
||
| 338 |
_acilt _bnc _2rdacarrier |
||
| 500 | _aRef. No: 410813 | ||
| 500 | _aKaynakça var. | ||
| 500 | _aİngilizce Eser Adı: Improved gravitational search algorithm | ||
| 502 | _aTez (Yüksek Lisans) -- Bilecik Üniversitesi Fen Bilimleri Enstitüsü Bilgisayar Mühendisliği Anabilim Dalı, Bilecik, . | ||
| 650 | 0 |
_aOptimizasyon--Üye-uydu algoritması. _9118835 |
|
| 650 | 0 |
_aOptimization--Member-satellite algorithm. _9118836 |
|
| 856 | 4 | 0 | _uhttp://acikkaynak.bilecik.edu.tr/xmlui/handle/11552/84 |
| 907 | _aYüksek Lisans | ||
| 942 |
_2lcc _cTS |
||
| 999 |
_c64570 _d64570 |
||